01240nam a2200289 i 4500003000900000005001700009007000300026008004100029020001700070040003000087082001400117100003600131245006300167264005300230300002700283336002700310337003400337338002800371500007100399590002700470910001400497942001400511952013200525952013800657952013800795999001700933DO-SdBNP20230915141453.0ta110413s2023 dr 000 0 spa d a978994185010 aDO-SdBNPbspacBNPHUerda bT683v222 aToribio, Andrésd1950-95216410aVivencias del destino : bcomo cuento /cAndrés Toribio  1aSanto Domingo :bImpresora Soto Castillo,c2023. a258 páginas c23 cm. 2rdacontentatextobtxt 2rdamediaasin mediación bn 2rdacarrieravolumenbnc aIncluye datos biográficos del autor en la solapa de la portada.  aInventariado, 2023/ YL aYLockward 2ddccLBS1 00102ddc51708PDaBNPHUbBNPHUcCTd2023-07-12eAndrés Toribiol0oBNPHU PD T683vp2023-5951r2023-09-15w2023-09-15yLBS1 00102ddc51708PDaBNPHUbBNPHUcCTd2023-07-12eAndrés Toribiol0oBNPHU PD T683vp2023-5952r2023-09-15te. 2w2023-09-15yLBS1 00102ddc56708DSaBNPHUbBNPHUcCTd2023-07-12eAndrés Toribiol0oBNPHU DS T683vp2023-5953r2023-09-15te. 3w2023-09-15yLBS1 c54782d54782